| 000 | 00363nam a2200145Ia 4500 | ||
|---|---|---|---|
| 005 | 20260328101527.0 | ||
| 008 | 260328s9999||||xx |||||||||||||| ||und|| | ||
| 100 | _aDabby, Ramsey | ||
| 245 | 0 |
_aStructure for Architects : _b A primer / _cRamsey Dabby |
|
| 250 | _a1a ed. | ||
| 260 | _bJohn Wiley & Sons | ||
| 300 | _a262 p. | ||
| 650 | _aESTRUCTURAS | ||
| 942 | _cBK | ||
| 999 |
_c9832 _d9832 |
||